Podvojné účetnictví /

Hlavní autor: Müllerová, Libuše, 1945-
Další autoři: Vomáčková, Hana
Jazyk: Čeština
Vydáno: Bratislava : FITR, 1992
Vydání: 1. vyd.
Témata:
Fyzický popis: 167 s.
Knihy
Uloženo v:
LEADER 01123nam a22003372a 4500
001 000152579
003 CZ BrMZK
005 20260515093933.0
008 970103s1992 xo f fl 0 cze d
040 |a BOA001  |b cze 
043 |a e-xr--- 
072 7 |a 657  |x Účetnictví  |2 Konspekt  |9 4 
080 |a 657.12  |2 MRF 
080 |a (437.3)  |2 MRF 
080 |a (035)  |2 MRF 
080 |a (094.5)  |2 MRF 
100 1 |a Müllerová, Libuše,  |d 1945-  |7 jo20000052111 
245 1 0 |a Podvojné účetnictví /  |c Libuše Müllerová, Hana Vomáčková 
250 |a 1. vyd. 
260 |a Bratislava :  |b FITR,  |c 1992 
300 |a 167 s. 
650 0 7 |a podvojné účetnictví  |7 ph115767  |z Česko  |2 czenas 
650 0 9 |a double-entry bookkeeping  |z Czechia  |2 eczenas 
655 7 |a příručky  |7 fd133209  |2 czenas 
655 7 |a právní předpisy  |7 fd133151  |2 czenas 
655 9 |a handbooks and manuals  |2 eczenas 
655 9 |a legal regulations  |2 eczenas 
700 1 |a Vomáčková, Hana  |7 jn20001005190 
910 |a BOA001  |b TK-0251.449 
990 |a BK 
996 7 |b 2629985860  |c TK-0251.449  |l MZK  |r Sklad / do 24 hodin  |n 4  |w 000152579  |u 000010  |a 1  |e BOA001  |j MZK50  |s A